Mechanics of groundwater in porous media /

Bibliographic Details
Main Author: Haque, Muhammad I. (Author)
Format: Book
Language:English
Published: Boca Raton, Florida : CRC Press, [2015]
Subjects:

MARC

Tag First Indicator Second Indicator Subfields
LEADER 00000cam a2200000 i 4500
001 in00003462829
005 20151206104135.0
008 140324t20152015flua b 001 0 eng
010 |a  2014004187 
020 |a 9781466585041 (hardback) 
020 |a 1466585048 (hardback) 
035 |a (OCoLC)ocn870292666 
040 |a DLC  |e rda  |c DLC  |d UtOrBLW 
049 |a TXAM 
050 0 0 |a TC176  |b .H38 2015 
082 0 0 |a 551.49  |2 23 
100 1 |a Haque, Muhammad I.,  |e author. 
245 1 0 |a Mechanics of groundwater in porous media /  |c Muhammad I. Haque. 
264 1 |a Boca Raton, Florida :  |b CRC Press,  |c [2015] 
264 4 |c ©2015 
300 |a xiii, 266 pages :  |b illustrations ;  |c 24 cm. 
336 |a text  |b txt  |2 rdacontent 
337 |a unmediated  |b n  |2 rdamedia 
338 |a volume  |b nc  |2 rdacarrier 
500 |a "A Spon Press book." 
504 |a Includes bibliographical references and index. 
650 0 |a Groundwater flow  |x Mathematical models. 
650 0 |a Porosity  |x Mathematical models. 
650 0 |a Aquifers. 
650 7 |a SCIENCE / Environmental Science.  |2 bisacsh 
650 7 |a TECHNOLOGY & ENGINEERING / Civil / Dams & Reservoirs.  |2 bisacsh 
650 7 |a TECHNOLOGY & ENGINEERING / Civil / General.  |2 bisacsh 
945 |a PromptCat  |b 880514 
946 |a stk 
947 |a A14840380609 
948 |a cataloged  |b h  |c 2014/9/9  |d c  |e dmitchel  |f 3:20:10 pm 
994 |a 92  |b TXA 
999 |a MARS 
999 f f |s 0c2fd18a-3181-3496-b99c-47b433fae1e7  |i 639cc31a-3174-3995-bac0-0eb8d8fbef4a  |t 0 
952 f f |p normal  |a Texas A&M University  |b College Station  |c Sterling C. Evans Library  |d Evans: Library Stacks  |t 0  |e TC176 .H38 2015  |h Library of Congress classification  |i unmediated -- volume  |m A14840380609 
998 f f |a TC176 .H38 2015  |t 0  |l Evans: Library Stacks